| 000 | 00498nam a22001937a 4500 | ||
|---|---|---|---|
| 003 | OSt | ||
| 005 | 20140310182837.0 | ||
| 008 | 130214t xxu||||| |||| 00| 0 eng d | ||
| 050 |
_aRA 781 _b.C776 1970 |
||
| 082 |
_aM 613.71 _bC78 1970 |
||
| 245 |
_aThe new aerobics / _cCooper, Kenneth H. |
||
| 260 |
_aNew York : _bBantam Books, Inc., _cc1970. |
||
| 300 |
_a191 p. _c18 cm. |
||
| 521 | _aCollege Students | ||
| 526 | _c1210L-1700L | ||
| 541 | _j1 | ||
| 562 | _e1 | ||
| 942 |
_2lcc _cBK _kM |
||
| 999 |
_c16769 _d16769 |
||